Länder mit Spanisch als Amtssprache (mit Karte!) - Statistiken

Allgemein
  • Dieses Quiz wurde 122 mal gespielt
  • Das Durchschnittsergebnis liegt bei 18 aus 20
Antworten auf der Karte
Die Antworten werden auf der Karte rot bzw. grün angezeigt, abhängig davon wie oft sie richtig erraten wurden.
 
Antwortstatistiken
Spanisch % Korrekt
Spanien
100%
Argentinien
99%
Chile
97%
Kolumbien
97%
Mexiko
97%
Paraguay
96%
Bolivien
95%
Peru
95%
Uruguay
93%
Venezuela
93%
Ecuador
92%
Guatemala
91%
Panama
91%
Costa Rica
90%
Honduras
89%
Kuba
89%
Nicaragua
89%
El Salvador
87%
Dominikanische Republik
82%
Äquatorialguinea
31%
Keine übereinstimmenden Quizze gefunden
Verteilung der Resultate
Anzahl Personen mit jedem Resultat
Perzentil nach korrekt beantworteten Fragen
Ihre Resultats-Entwicklung
Sie haben dieses Quiz noch nicht gespielt